000 00278nam a2200121 a 4500
008 110105s1966|||| d
100 1 _aLenin, V.I.
245 1 0 _aVybrané spisy, 2.diel
260 _bVPL
_aBratislava
_c1966
041 _aslo
044 _axo
_cSK
020 _c19,50
999 _c15513
_d15513